000 00565nam a22002057a 4500
003 OSt
005 20140310182000.0
008 130727t xxu||||| |||| 00| 0 eng d
050 _aPZ 7
_b.P639 2000
082 _aKF
_bP64c 2000
100 _aPilkey, Dav
_94983
245 _aCaptain underpants and the perilious plot of Professor Poopypants /
_cDav Pilkey.
260 _aNew York :
_bScholastic,
_cc2000.
300 _a151 p. ;
_c20 cm.
541 _j1
562 _e1
650 _aFiction
_9746
700 _aPilkey, Dav
_94984
942 _2lcc
_cBK-KF
_kKF
999 _c7987
_d7987